Peru : 2022 Article IV Consultation-Press Release; Staff Report; and Statement by the Executive Director for Peru.

After being hit very hard by the pandemic in 2020, both in terms of health and economic outcomes, Peru experienced an equally strong economic rebound in 2021. A new administration was inaugurated in July 2021 with a program focused on reducing inequality and improving social conditions, but limited...

Ful tanımlama

Detaylı Bibliyografya
Müşterek Yazar: International Monetary Fund. Western Hemisphere Dept
Materyal Türü: Dergi
Dil:English
Baskı/Yayın Bilgisi: Washington, D.C. : International Monetary Fund, 2022.
Seri Bilgileri:IMF Staff Country Reports; Country Report ; No. 2022/137
Konular:
Online Erişim:Full text available on IMF
LEADER 02082cas a2200289 a 4500
001 AALejournalIMF022693
008 230101c9999 xx r poo 0 0eng d
020 |c 20.00 USD 
020 |z 9798400208232 
022 |a 1934-7685 
040 |a BD-DhAAL  |c BD-DhAAL 
110 2 |a International Monetary Fund. Western Hemisphere Dept. 
245 1 0 |a Peru :   |b 2022 Article IV Consultation-Press Release; Staff Report; and Statement by the Executive Director for Peru. 
264 1 |a Washington, D.C. :  |b International Monetary Fund,  |c 2022. 
300 |a 1 online resource (93 pages) 
490 1 |a IMF Staff Country Reports 
500 |a <strong>Off-Campus Access:</strong> No User ID or Password Required 
500 |a <strong>On-Campus Access:</strong> No User ID or Password Required 
506 |a Electronic access restricted to authorized BRAC University faculty, staff and students 
520 3 |a After being hit very hard by the pandemic in 2020, both in terms of health and economic outcomes, Peru experienced an equally strong economic rebound in 2021. A new administration was inaugurated in July 2021 with a program focused on reducing inequality and improving social conditions, but limited support from Congress and lack of cohesion heightened political uncertainty. While real GDP surpassed its pre-pandemic level by 2021, labor force participation and total employment have not fully recovered yet. Poverty increased significantly in 2020 and, despite some improvement in 2021, remains higher than in 2019. On May 27, 2021, the IMF Executive Board completed the mid-term review of Peru's continued qualification under the Flexible Credit Line (FCL) arrangement. 
538 |a Mode of access: Internet 
650 7 |a International Agreements and Observance  |2 imf 
650 7 |a International Organizations  |2 imf 
650 7 |a Monetary Policy  |2 imf 
651 7 |a Peru  |2 imf 
830 0 |a IMF Staff Country Reports; Country Report ;  |v No. 2022/137 
856 4 0 |z Full text available on IMF  |u https://elibrary.imf.org/openurl?genre=journal&issn=1934-7685&volume=2022&issue=137  |z IMF e-Library